Curriculum : a comprehensive introduction
Αποθηκεύτηκε σε:
| Κύριος συγγραφέας: | |
|---|---|
| Μορφή: | Βιβλίο |
| Γλώσσα: | English |
| Δημοσίευση: |
Los Angeles :
Harper Collins ,
1990
|
| Έκδοση: | 4th ed. |
| Θέματα: | |
| Ετικέτες: |
Προσθήκη ετικέτας
Δεν υπάρχουν, Καταχωρήστε ετικέτα πρώτοι!
|
MARC
| LEADER | 00000nam a2200000 i 4500 | ||
|---|---|---|---|
| 001 | 1/3400 | ||
| 008 | 960321s1990 eng d | ||
| 020 | |a 0-673-52021-8 | ||
| 035 | |l 10015206 | ||
| 040 | |a GR-MY-UA |b gre |e aacr | ||
| 041 | 0 | |a eng | |
| 082 | 0 | |a 375.001 | |
| 100 | 1 | |a McNeil, John D. | |
| 245 | 1 | 0 | |a Curriculum : |b a comprehensive introduction / |c John D. McNeil |
| 250 | |a 4th ed. | ||
| 260 | |a Los Angeles : |b Harper Collins , |c 1990 | ||
| 300 | |a xv, 432 σ.; |c 25 εκ. | ||
| 504 | |a Περιέχει βιβλιογραφικές παραπομπές | ||
| 650 | 0 | 0 | |a Education |x Curricula. |
| 650 | 0 | 0 | |a Curriculum planning. |
| 852 | |a INST |b LESVOS |e 19960321 |h 375.001 MCN |p 005100006792 |q 005100006792 |t BK |y 0 | ||
| 909 | |a Λ |b 043974 | ||